banner koha

Informativo tecnico DENAT. 9. fungicida com fosfina em graneleiro equipado com termometria [Departamento de Operacoes de Unidades de Meio Ambiente Natural] (Registro n. 271704)

MARC details
000 -LÍDER
campo de controle de tamanho fixo 01088nac a22003137a 4500
001 - NÚMERO DE CONTROLE
campo de controle BR8007583
003 - IDENTIFICADOR DO NÚMERO DE CONTROLE
campo de controle BR-BrBNA
005 - DATA E HORÁRIO DA ÚLTIMA TRANSAÇÃO
campo de controle 20240105114845.0
008 - CAMPO DE DADOS FIXOS--INFORMAÇÃO GERAL
campo de controle de tamanho fixo 230509b bl.|||m| |||| 00| 0 por d
040 ## - FONTE DA CATALOGAÇÃO
Instituição da catalogação original BR-BrBNA
Idioma da catalogação por
Instituição que transcreveu o registro Biblioteca Nacional de Agricultura
072 ## - CÓDIGO DE CATEGORIA DE ASSUNTO
Código de Categoria de Assunto J10
090 ## - NÚMERO DE CHAMADA LOCAL
Número de chamada 4020 BR8007583
100 1# - ENTRADA PRINCIPAL--NOME PESSOAL
Nome pessoal Finck, C.
100 1# - ENTRADA PRINCIPAL--NOME PESSOAL
Nome pessoal Reis, S.C.
110 1# - ENTRADA PRINCIPAL--NOME CORPORATIVO
Nome corporativo ou nome da jurisdição Companhia Brasileira de Armazenamento, Brasilia, DF (Brasil). Depto. de Operacoes de Unidades de Meio Ambiente Natural
9 (RLIN) 2308
245 1# - TÍTULO
Título Informativo tecnico DENAT. 9. fungicida com fosfina em graneleiro equipado com termometria [Departamento de Operacoes de Unidades de Meio Ambiente Natural]
260 3# - PUBLICAÇÃO, DISTRIBUIÇÃO, ETC.
Local de publicação, distribuição, etc. Brasilia, DF (Brasil):
Data da publicação, distribuição, etc. [nd].
300 ## - DESCRIÇÃO FÍSICA
Extensão 25 p.
490 ## - TÍTULO DA SÉRIE
Título da série Informativo Tecnico DENAT (Brazil)
Número do volume ou designação sequencial da série no. 9
ISSN - International Standard Serial Number
500 ## - NOTA GERAL
Nota geral 7 illus.; Published after 1980
650 ## - ASSUNTO--TERMO TÓPICO
Cabeçalho tópico ou nome geográfico PRODUTO ARMAZENADO
650 ## - ASSUNTO--TERMO TÓPICO
Cabeçalho tópico ou nome geográfico FUMIGACAO
650 ## - ASSUNTO--TERMO TÓPICO
Cabeçalho tópico ou nome geográfico ARMAZEM
650 ## - ASSUNTO--TERMO TÓPICO
Cabeçalho tópico ou nome geográfico CONTROLE QUIMICO
650 ## - ASSUNTO--TERMO TÓPICO
Cabeçalho tópico ou nome geográfico INSETO
650 ## - ASSUNTO--TERMO TÓPICO
Cabeçalho tópico ou nome geográfico FUNGICIDA
909 ## -
-- 202312
-- Lúcia Elande
-- 55
-- Lúcia Elande
942 ## - ELEMENTOS DE ENTRADA ADICIONADOS (KOHA)
Fonte da classificação ou esquema de arquivamento na estante Classificação AGRIS
Ocultar no OPAC Não
Tipo de material Koha Monografia Seriada
Exemplares
Situação do descarte Fonte da classificação ou esquema de arquivamento na estante Situação física Não pode ser emprestado Coleção Biblioteca de origem Biblioteca atual Localização na estante Total de empréstimos Número de telefone completo Código de barras Data de último acesso Tipo de material Koha Fonte de aquisição
  Classificação AGRIS       Biblioteca Nacional de Agricultura - Binagri Biblioteca Nacional de Agricultura - Binagri Agrobase - Acervo Geral   4020 BR8007583 4020 BR8007583 18/12/2023 Monografia Seriada Portaria Interministerial nº 164/94

BINAGRI

Telefone: (61)3218-2567/2388/3357/2097 - binagri@agro.gov.br

Ministério da Agricultura e Pecuária , Esplanada dos Ministérios, Bloco D, Anexo B, Brasília/DF, CEP: 70.043-900